| 000 | 00456nam a2200169Ia 4500 | ||
|---|---|---|---|
| 008 | 210719s2003 xx 000 0 und d | ||
| 020 | _a8121905273 | ||
| 041 | _aeng | ||
| 082 | _a510KAK AROP | ||
| 100 | _aARORA (P N) and ARORA (S) | ||
| 245 | _aProfessional education mathematics (CA foundation course-1). | ||
| 260 |
_aND _bS. Chand & Co. Ltd. _c2003 |
||
| 300 |
_a464 _bPB |
||
| 365 |
_b165 _cRs |
||
| 650 | _aMathematics | ||
| 906 | _aCA foundation | ||
| 999 |
_c213699 _d213699 |
||